|
|
|
|
| LEADER |
01161cam a2200289 a 4500 |
| 001 |
c000287369 |
| 003 |
CARM |
| 005 |
20081008102910.0 |
| 008 |
880607s1986 xnaae b 000 0 eng d |
| 019 |
1 |
|
|a 4775324
|5 LACONCORD2021
|
| 020 |
|
|
|a 0909942935 :
|c price unknown
|
| 035 |
|
|
|a (OCoLC)27609101
|5 LACONCORD2021
|
| 040 |
|
|
|a ANB
|b eng
|c ANB
|d ANL:NR
|d VCAV
|
| 042 |
|
|
|a anuc
|
| 082 |
0 |
4 |
|a 625.854
|2 19
|
| 245 |
0 |
0 |
|a Interlocking concrete road pavements :
|b a guide to design and construction.
|
| 260 |
|
|
|a North Sydney, N.S.W. :
|b Cement and Concrete Association of Australia,
|c 1986.
|
| 300 |
|
|
|a 24 p. (some folded) :
|b ill., plans ;
|c 30 cm.
|
| 500 |
|
|
|a Cover title.
|
| 500 |
|
|
|a Ill. on inside covers.
|
| 504 |
|
|
|a Bibliography: p. 24.
|
| 650 |
|
0 |
|a Pavements, Concrete
|x Design and construction.
|
| 650 |
|
0 |
|a Roads, Concrete
|x Design and construction.
|
| 710 |
2 |
|
|a Cement and Concrete Association of Australia.
|
| 852 |
8 |
|
|b CARM
|h A1:AR11D0
|i F05122
|p 0513441
|f BK
|
| 999 |
f |
f |
|i 70dc308d-0081-518a-807e-79b90e97edbd
|s 97815db4-dbdc-5abe-87f8-fb43c0ddabe8
|
| 952 |
f |
f |
|p Can circulate
|a CAVAL
|b CAVAL
|c CAVAL
|d CARM 1 Store
|e F05122
|f A1:AR11D0
|h Other scheme
|i book
|m 0513441
|